000 00734nam a22001937a 4500
005 20231211103058.0
010 _aENG-138569
020 _a9788175415881
_c1600.00
035 _aEN-122101
037 _bDBAD/PUB
082 _a330.958
_2COM
245 _aCommunities, Institutions and 'Transition' in Post. 1991 Eurasia/
_cEdited By Suchandana Chatterjee and Anita Sengupta
260 _aDelhi
_bShipra Publications
_c2011
270 _bDelhi
_aH.O.: LG 18-19, Pankaj Central Market, Patparganj,
_e110092
_k91-11-22235152
_mwww.shiprapublications.com
300 _a494p.
_c22cm(hb)
710 _aChatterjee, Suchandana
_eEditor
_959613
710 _aSengupta, Anita
_eEditor
_959614
942 _2ddc
_cEN
_h330.958
_mCOM
999 _c176942
_d176942